000 00930nam a2200277Ia 4500
003 OSt
005 20220926025015.0
006 a|||||r|||| 00| 0
007 ta
008 220923b |||||||| |||| 00| 0 eng d
020 _a0198741898
_c1009.72
037 _b1694, 30/03/2005, Bharat
_cGeneral Book
040 _aRTL
_cRTL
_beng
041 _2eng
_aeng
082 _aY:5:(G:55), N5
100 _aSarre Philip Ed.
_9331766
245 0 _aOvercrowded world
_b Population resources and the enviroment
260 _aOxford
_bOpen Univ.
_c1995
300 _aviii, 279p
_ccm.
490 _vV 3
_aShape of the world: Explovations in human Geography
500 _aBibliography Chapterwise
650 _aDemography Irt Environment
_9331767
700 _a Blunden John Ed.
942 _hY:5:(G:55), N5
_cGB
_2CC
999 _c646137
_d646137